Loading...
| Current Events | 1 | 10.00 | 100% | 0% | 0% |
| Fine Arts - Classical Music | 5 | 10.00 | 60% | 40% | 0% |
| Fine Arts - Other | 2 | 15.00 | 100% | 50% | 0% |
| Fine Arts - Painting and Sculpture | 7 | 20.00 | 100% | 86% | 14% |
| Geography | 2 | 20.00 | 100% | 50% | 50% |
| History - American | 5 | 12.00 | 80% | 20% | 20% |
| History - European | 3 | 23.33 | 100% | 67% | 67% |
| History - Other | 3 | 16.67 | 100% | 67% | 0% |
| History - World | 1 | 0.00 | 0% | 0% | 0% |
| Literature - American | 6 | 20.00 | 100% | 67% | 33% |
| Literature - British | 5 | 20.00 | 100% | 80% | 20% |
| Literature - European | 4 | 17.50 | 100% | 75% | 0% |
| Literature - World | 5 | 20.00 | 100% | 100% | 0% |
| Mythology | 6 | 21.67 | 100% | 83% | 33% |
| Philosophy | 4 | 12.50 | 100% | 25% | 0% |
| Pop Culture | 1 | 30.00 | 100% | 100% | 100% |
| Religion | 6 | 13.33 | 100% | 33% | 0% |
| Science - Biology | 5 | 12.00 | 100% | 20% | 0% |
| Science - Chemistry | 6 | 13.33 | 100% | 33% | 0% |
| Science - Other | 6 | 15.00 | 100% | 50% | 0% |
| Science - Physics | 7 | 14.29 | 100% | 43% | 0% |
| Social Science | 5 | 10.00 | 100% | 0% | 0% |